[Event "8th Sunway Sitges 2021"]
[Site "Sitges ESP"]
[Date "2021.12.21"]
[Round "8.10"]
[White "Niemann, Hans Moke"]
[Black "Kurmann, Oliver"]
[Result "1-0"]
[WhiteTitle "GM"]
[BlackTitle "IM"]
[WhiteElo "2645"]
[BlackElo "2466"]
[WhiteFideId "2093596"]
[BlackFideId "1308173"]
[EventDate "2021.12.13"]

1. Nf3 Nf6 2. c4 e6 3. g3 d5 4. Bg2 Be7 5. d4 O-O 6. O-O dxc4 7. Qc2 a6 8. a4 c5
9. dxc5 Bxc5 10. Qxc4 Nbd7 11. Qc2 Ra7 12. Nbd2 b6 13. Nb3 Bd6 14. Rd1 Qe7 15.
Nfd4 Ne5 16. Bf4 Bd7 17. a5 Rc7 18. Qd2 Bb4 19. Qe3 Nfg4 20. Qe4 f5 21. Qb1 b5
22. h3 g5 23. Bc1 Nh6 24. h4 Nef7 25. hxg5 Nxg5 26. Nc2 Ngf7 27. Nxb4 Qxb4 28.
Qd3 Ng4 29. Bd2 Qc4 30. Qxc4 bxc4 31. Nd4 Nf6 32. Nc2 Re8 33. Bc3 e5 34. Nb4 Bb5
35. Bh3 Ng4 36. f3 Ng5 37. Bg2 Ne3 38. Nd5 Nxd5 39. Rxd5 Rce7 40. Kf2 Kg7 41. f4
Nf7 42. Rxb5 axb5 43. a6 Ra7 44. fxe5 Re6 45. Bb7 Nd8 46. Rd1 Re8 47. Rd7+ Kg6
48. Bd4 1-0

[Event "8th Sunway Sitges 2021"]
[Site "Sitges ESP"]
[Date "2021.12.21"]
[Round "8.11"]
[White "Quintiliano Pinto, Renato R."]
[Black "Tabatabaei, M. Amin"]
[Result "1-0"]
[WhiteTitle "IM"]
[BlackTitle "GM"]
[WhiteElo "2466"]
[BlackElo "2643"]
[WhiteFideId "2117568"]
[BlackFideId "12521213"]
[EventDate "2021.12.13"]

1. d4 Nf6 2. c4 e6 3. Nf3 d5 4. Nc3 c6 5. e3 Nbd7 6. Qc2 Bd6 7. Be2 O-O 8. O-O
dxc4 9. Bxc4 a6 10. Rd1 Qc7 11. Ne4 Nxe4 12. Qxe4 c5 13. Bd2 Nf6 14. Qh4 cxd4
15. Rac1 Qe7 16. exd4 Nd5 17. Qe4 f6 18. Bxd5 exd5 19. Qxd5+ Be6 20. Qe4 Qf7 21.
a3 Bd5 22. Qf5 g6 23. Qd3 Rfe8 24. Re1 Qd7 25. h3 Rxe1+ 26. Rxe1 Re8 27. Bc3
Rxe1+ 28. Nxe1 Qc6 29. Qe3 Qa4 30. Qd2 Qe8 31. Nd3 Qe4 32. f3 Qf5 33. Bb4 Qd7
34. Bxd6 Qxd6 35. Kf2 Kg7 36. Qb4 Qd7 37. Qc5 Bf7 38. Nf4 Qa4 39. Qc3 Qb5 40.
Nd3 b6 41. Kg1 a5 42. Nf2 Qd5 43. Qd2 g5 44. Nd1 Kf8 45. Nc3 Qd6 46. Qe3 h6 47.
d5 f5 48. Kf2 Kg7 49. Qd4+ Kf8 50. b4 Kg8 51. Na4 axb4 52. axb4 b5 53. Nc3 Be8
54. g3 Bd7 55. Ne2 Kf7 56. f4 Qa6 57. Qe5 Qa7+ 58. Kf1 Qa3 59. Qd6 Ke8 60. Qg6+
Kd8 61. Qb6+ Ke8 62. Qb8+ Kf7 63. Qd6 Ke8 64. Kf2 g4 65. hxg4 fxg4 66. Qg6+ Kd8
67. Qf6+ Ke8 68. d6 Qf3+ 69. Ke1 Qh1+ 70. Kd2 Qd5+ 71. Qd4 Qa2+ 72. Ke3 Be6 73.
Nc3 Qg2 74. Qh8+ Kd7 75. Qg7+ Kxd6 76. Nxb5+ Kc6 77. Nd4+ Kb6 78. Nxe6 Qxg3+ 79.
Ke4 Qe1+ 80. Kf5 g3 81. Qc7+ Ka6 82. b5+ Kxb5 83. Nd4+ 1-0

[Event "8th Sunway Sitges 2021"]
[Site "Sitges ESP"]
[Date "2021.12.21"]
[Round "8.12"]
[White "Rios, Cristhian Camilo"]
[Black "Karthikeyan, Murali"]
[Result "1/2-1/2"]
[WhiteTitle "GM"]
[BlackTitle "GM"]
[WhiteElo "2460"]
[BlackElo "2630"]
[WhiteFideId "4403940"]
[BlackFideId "5074452"]
[EventDate "2021.12.13"]

1. d4 Nf6 2. c4 e6 3. Nc3 Bb4 4. Qc2 d6 5. Nf3 O-O 6. Bd2 c5 7. a3 Bxc3 8. Bxc3
cxd4 9. Nxd4 e5 10. Nf5 Qc7 11. e3 Be6 12. Be2 Nc6 13. Rc1 Rac8 14. O-O d5 15.
cxd5 Nxd5 16. Qb1 Rfd8 17. Bf3 a5 18. h3 Qb6 19. Bxd5 Rxd5 20. Qe4 Rcd8 21. Kh1
Qb5 22. Qg4 Bxf5 23. Qxf5 Nd4 24. exd4 exd4 25. Qf3 dxc3 26. Qxc3 h5 27. Kg1 Rd3
28. Qc2 b6 29. Qb1 g6 30. Rc2 R8d4 31. Qc1 Kg7 32. Rc3 Rd2 33. Rc2 Qd3 34. Rxd2
Qxd2 35. Qc7 Rd6 36. b3 Re6 37. Qc1 Re2 38. Qc4 Re6 39. Qc1 Rd6 40. Qc7 Kg8 41.
Qb8+ Kh7 42. Qc7 Kg7 43. a4 Re6 44. Qc1 Re2 45. Qc4 Qb2 46. Qb5 Re6 47. Qd3 Rf6
48. Qe3 Re6 49. Qd3 Rc6 50. Rd1 Qe5 51. Qd5 Qf6 52. Qd4 Qxd4 53. Rxd4 Rc3 54. b4
Ra3 55. b5 Kf6 56. Rd6+ Ke5 57. Rxb6 Rxa4 58. Rb7 Rb4 59. Rxf7 a4 60. f4+ Ke4
61. Kh2 Rxb5 62. Ra7 Rb4 63. Kg3 Ke3 64. Re7+ Re4 65. Rf7 Kd3 66. Kh4 Kc3 67.
Kg5 a3 68. Ra7 Kb3 69. g4 Ra4 70. Re7 a2 71. Re1 a1=Q 72. Rxa1 Rxa1 73. Kxg6
hxg4 74. hxg4 Kc4 75. g5 Kd5 76. Kf6 Ra6+ 77. Kf7 Ke4 78. g6 Kf5 79. g7 Ra7+ 80.
Kf8 Kf6 81. g8=N+ Ke6 82. Nh6 Rh7 83. Ng8 Rf7+ 84. Ke8 Rxf4 85. Ne7 Rh4 86. Kf8
Rh7 87. Ng8 Rc7 88. Nh6 Re7 89. Ng8 Rh7 90. Ke8 Rh5 91. Kf8 Rh1 92. Ne7 Rf1+ 93.
Ke8 Rg1 94. Kf8 Kd7 95. Ng8 Rf1+ 96. Kg7 Ke6 97. Nh6 Rf3 98. Ng8 Rf7+ 99. Kg6
Rf2 100. Kg7 Rg2+ 101. Kf8 Rf2+ 1/2-1/2

[Event "8th Sunway Sitges 2021"]
[Site "Sitges ESP"]
[Date "2021.12.21"]
[Round "8.13"]
[White "Kadric, Denis"]
[Black "Mohammad, Nubairshah Shaikh"]
[Result "1-0"]
[WhiteTitle "GM"]
[BlackTitle "IM"]
[WhiteElo "2572"]
[BlackElo "2429"]
[WhiteFideId "14403803"]
[BlackFideId "5053196"]
[EventDate "2021.12.13"]

1. e4 c6 2. d4 d5 3. e5 Bf5 4. h4 h5 5. Bg5 Qb6 6. Bd3 Bxd3 7. Qxd3 Qa6 8. Qh3
e6 9. Nc3 Nd7 10. Nge2 Bb4 11. O-O Bxc3 12. Nxc3 Nh6 13. Nd1 Nf5 14. c3 f6 15.
exf6 gxf6 16. Re1 O-O-O 17. Rxe6 fxg5 18. Qxf5 gxh4 19. Ne3 Rdf8 20. Qh3 Qe2 21.
Rf1 Re8 22. Rxe8+ Rxe8 23. Qxh4 Re4 24. Qg5 h4 25. Nf5 Rg4 26. Qe3 Qxe3 27. Nxe3
Re4 28. Re1 a5 29. f3 Rf4 30. Kh2 Nf6 31. Kh3 Kd7 32. Re2 Nh5 33. Re1 Nf6 34.
Ng4 Nxg4 35. fxg4 Rf2 36. g5 a4 37. Re5 a3 38. bxa3 Rc2 39. g6 Rxc3+ 40. Kxh4
Rxa3 41. g7 Ra8 42. Kh5 Kd6 43. Rg5 Rg8 44. Kh6 b6 45. Rg6+ Kc7 46. Kh7 Re8 47.
g8=Q Rxg8 48. Kxg8 c5 49. Kf7 1-0

[Event "8th Sunway Sitges 2021"]
[Site "Sitges ESP"]
[Date "2021.12.21"]
[Round "8.14"]
[White "Livaic, Leon"]
[Black "Pranesh, M"]
[Result "1/2-1/2"]
[WhiteTitle "IM"]
[BlackTitle "IM"]
[WhiteElo "2547"]
[BlackElo "2437"]
[WhiteFideId "14531534"]
[BlackFideId "35028600"]
[EventDate "2021.12.13"]

1. d4 Nf6 2. Bf4 d5 3. e3 e6 4. Nf3 c5 5. c3 Bd6 6. Bb5+ Nc6 7. Bg3 O-O 8. Nbd2
h6 9. O-O Bxg3 10. hxg3 Qb6 11. Qa4 Bd7 12. Bxc6 Bxc6 13. Qa3 Nd7 14. Rfc1 Rfc8
15. c4 dxc4 16. Nxc4 Qc7 17. dxc5 Bxf3 18. gxf3 Nxc5 19. b4 Nd7 20. Na5 Qb6 21.
Rc3 Ne5 22. f4 Rxc3 23. Qxc3 Nc6 24. Nxc6 Qxc6 25. Qxc6 bxc6 26. Kf1 Kf8 27. Ke2
Ke7 28. Kd3 Rd8+ 29. Kc3 Kd6 30. e4 Kc7 31. Rh1 Rh8 32. f3 g6 33. Kd4 Kd6 34.
Rc1 Rb8 35. a3 h5 36. Rc5 Rb5 37. Rc1 Rb8 38. Rc2 Rb6 39. Rd2 Rb8 40. Ke3+ Ke7
41. Rd4 a5 42. bxa5 Rb3+ 43. Rd3 Rb5 44. a4 Rxa5 45. Ra3 Kd6 46. Kd4 c5+ 47. Kc4
Kc6 48. e5 Kc7 49. Ra1 Kc6 50. Ra2 Kc7 51. Kb3 Kc6 52. Kc4 Kc7 53. Kb3 Kc6 54.
Ra1 Ra7 55. Rd1 Rb7+ 56. Kc3 Ra7 57. Kb3 1/2-1/2

[Event "8th Sunway Sitges 2021"]
[Site "Sitges ESP"]
[Date "2021.12.21"]
[Round "8.15"]
[White "Kelires, Andreas"]
[Black "Molina, Roberto Junio Brito"]
[Result "1/2-1/2"]
[WhiteTitle "GM"]
[BlackTitle "IM"]
[WhiteElo "2543"]
[BlackElo "2420"]
[WhiteFideId "5900727"]
[BlackFideId "2109450"]
[EventDate "2021.12.13"]

1. Nf3 d5 2. g3 Nf6 3. Bg2 e6 4. O-O Be7 5. d4 O-O 6. c4 dxc4 7. Qc2 b6 8. Qxc4
Bb7 9. Nc3 a6 10. Bg5 Nbd7 11. a4 Rc8 12. Rad1 c5 13. Bxf6 Nxf6 14. dxc5 Rxc5
15. Rxd8 Rxc4 16. Rxf8+ Kxf8 17. Ne5 Rc7 18. Rd1 Bxg2 19. Kxg2 Ke8 20. Kf3 Nd7
21. Nxd7 Rxd7 22. b3 Rc7 23. Rd3 f5 24. e3 Bf6 25. Nb1 Ke7 26. Na3 Rc6 27. e4 g6
28. Ke3 Rc1 29. exf5 gxf5 30. h4 Bc3 31. Nc4 e5 32. Rd5 Bd4+ 33. Kd2 Rb1 34.
Nxe5 Bxf2 35. Nd3 Bxg3 36. Rxf5 Rh1 37. a5 bxa5 38. Rxa5 Rxh4 1/2-1/2

[Event "8th Sunway Sitges 2021"]
[Site "Sitges ESP"]
[Date "2021.12.21"]
[Round "8.16"]
[White "Cuhendi, Sean Winshand"]
[Black "Maze, Sebastien"]
[Result "1/2-1/2"]
[WhiteTitle "IM"]
[BlackTitle "GM"]
[WhiteElo "2419"]
[BlackElo "2541"]
[WhiteFideId "7101554"]
[BlackFideId "613762"]
[EventDate "2021.12.13"]

1. d4 d5 2. Bf4 c5 3. e3 cxd4 4. exd4 Nc6 5. c3 Bf5 6. Nf3 e6 7. Qb3 Qd7 8. Nbd2
f6 9. Be2 g5 10. Bg3 h5 11. h3 Bd6 12. Bxd6 Qxd6 13. Nxg5 Qc7 14. Ngf3 h4 15.
Nf1 Nge7 16. Ne3 Be4 17. Nd2 Bg6 18. Nf3 Be4 19. Nd2 Bg6 20. Nf3 1/2-1/2

[Event "8th Sunway Sitges 2021"]
[Site "Sitges ESP"]
[Date "2021.12.21"]
[Round "8.17"]
[White "Kulaots, Kaido"]
[Black "Salimova, Nurgyul"]
[Result "1-0"]
[WhiteTitle "GM"]
[BlackTitle "IM"]
[WhiteElo "2519"]
[BlackElo "2353"]
[WhiteFideId "4500261"]
[BlackFideId "2915138"]
[EventDate "2021.12.13"]

1. e4 e5 2. Nf3 Nc6 3. Bb5 a6 4. Ba4 Nf6 5. O-O Nxe4 6. d4 b5 7. Bb3 d5 8. dxe5
Be6 9. c3 Bc5 10. Nbd2 O-O 11. Bc2 Nxf2 12. Rxf2 f6 13. Nf1 Bxf2+ 14. Kxf2 fxe5
15. Kg1 Bg4 16. Ne3 Be6 17. b4 d4 18. cxd4 exd4 19. Qd3 g6 20. Bb3 Qe7 21. Ng4
Bxb3 22. Qxb3+ Kh8 23. Bh6 Rf5 24. Re1 Qf7 25. Qe6 Nxb4 26. Qxf7 Rxf7 27. Ng5
Rf4 28. Re7 Rxg4 29. Rxh7+ Kg8 30. Rg7+ Kf8 31. Nh7+ Ke8 32. Nf6+ Kd8 33. Nxg4
Kc8 34. Bf4 Ra7 35. Ne5 Nxa2 36. Nd3 Nc3 37. Nc5 Kd8 38. Bg5+ Ke8 39. Re7+ 1-0

[Event "8th Sunway Sitges 2021"]
[Site "Sitges ESP"]
[Date "2021.12.21"]
[Round "8.18"]
[White "Neelotpal, Das"]
[Black "Sankalp, Gupta"]
[Result "0-1"]
[WhiteTitle "GM"]
[BlackTitle "IM"]
[WhiteElo "2410"]
[BlackElo "2504"]
[WhiteFideId "5003512"]
[BlackFideId "5097010"]
[EventDate "2021.12.13"]

1. e4 c6 2. Nf3 d5 3. d3 Qc7 4. Nc3 dxe4 5. Nxe4 Nf6 6. Qe2 Bg4 7. Nxf6+ gxf6 8.
h3 Be6 9. Bd2 c5 10. d4 c4 11. g3 Bd5 12. Bg2 e6 13. c3 Bd6 14. Nh4 Bxg2 15.
Nxg2 Nd7 16. b3 cxb3 17. axb3 f5 18. c4 Nf6 19. g4 Rg8 20. f3 Bg3+ 21. Kd1 f4
22. Kc2 b5 23. Rhc1 bxc4 24. bxc4 Rg5 25. Kd1 Kf8 26. h4 Rg6 27. Ra5 Rd8 28. Qe5
Qb7 29. Ke2 Nxg4 30. Qc5+ Kg7 31. Rxa7 Qb2 32. Qe7 Rf8 33. Rb7 Qa2 34. h5 Rf6
35. Rb5 h6 36. Qb4 Ra8 37. c5 Ne3 38. Nxe3 fxe3 39. Rg1 exd2 40. Rxg3+ Kh7 41.
Qxd2 Qa1 42. Rb2 Rf5 43. Ke3 Ra3+ 44. Ke4 Qh1 45. Qg2 Qh4+ 46. Rg4 Qf6 47. c6
Rd5 48. Rg7+ Qxg7 49. Qxg7+ Kxg7 0-1

[Event "8th Sunway Sitges 2021"]
[Site "Sitges ESP"]
[Date "2021.12.21"]
[Round "8.19"]
[White "Pranav, Anand"]
[Black "Priasmoro, Novendra"]
[Result "1-0"]
[WhiteTitle "IM"]
[BlackTitle "GM"]
[WhiteElo "2416"]
[BlackElo "2502"]
[WhiteFideId "46626786"]
[BlackFideId "7105029"]
[EventDate "2021.12.13"]

1. d4 Nf6 2. c4 g6 3. Nc3 d5 4. cxd5 Nxd5 5. e4 Nxc3 6. bxc3 Bg7 7. Be3 c5 8.
Qd2 Qa5 9. Nf3 O-O 10. Rc1 Rd8 11. d5 Nc6 12. Be2 e6 13. Bg5 f6 14. Be3 exd5 15.
exd5 Bg4 16. c4 Nb4 17. O-O b6 18. h3 Bd7 19. Ra1 Qa3 20. Bd1 a5 21. Rb1 Ra6 22.
Bf4 Qxa2 23. Rb2 Qa3 24. Rb3 Qa1 25. Bc7 Re8 26. d6 Bf8 27. h4 Kh8 28. h5 g5 29.
Nxg5 fxg5 30. Bg4 Qa4 31. Ra3 Qxa3 32. Bxd7 Re4 33. Bf5 Rd4 34. Qxg5 Ra8 35. h6
Rxd6 36. Bxd6 Qc3 37. Bxf8 Rxf8 38. Qe7 1-0

[Event "8th Sunway Sitges 2021"]
[Site "Sitges ESP"]
[Date "2021.12.21"]
[Round "8.20"]
[White "Kacharava, Nikolozi"]
[Black "Srijit, Paul"]
[Result "1-0"]
[WhiteTitle "IM"]
[BlackTitle "IM"]
[WhiteElo "2469"]
[BlackElo "2340"]
[WhiteFideId "13611860"]
[BlackFideId "5094798"]
[EventDate "2021.12.13"]

1. e4 c5 2. Nf3 e6 3. d4 cxd4 4. Nxd4 Nc6 5. Nc3 a6 6. Nxc6 bxc6 7. Bd3 d5 8.
O-O Nf6 9. Re1 Be7 10. e5 Nd7 11. Qg4 Kf8 12. b3 Bb7 13. Bd2 h5 14. Qf4 Kg8 15.
Rad1 c5 16. Na4 Qc7 17. h3 h4 18. c4 d4 19. Be4 Rh5 20. Nb2 Rb8 21. Nd3 g6 22.
Qg4 Bxe4 23. Qxe4 Kg7 24. f4 Rhh8 25. Nf2 a5 26. Rb1 Ra8 27. Qd3 Rhb8 28. a3 Nb6
29. Ne4 Qc6 30. Kh2 Ra7 31. Rec1 Nc8 32. Be1 Bd8 33. Rb2 Rab7 34. Rcb1 Nb6 35.
Bxa5 Nxc4 36. Bxd8 Nxb2 37. Bf6+ Kf8 38. Rxb2 c4 39. Qxd4 Rxb3 40. Rc2 Rc8 41.
Nd6 Rc7 42. Qf2 g5 43. Bxg5 1-0

[Event "8th Sunway Sitges 2021"]
[Site "Sitges ESP"]
[Date "2021.12.21"]
[Round "8.34"]
[White "Cori T., Deysi"]
[Black "Dukic, Zachary"]
[Result "0-1"]
[WhiteTitle "WGM"]
[WhiteElo "2413"]
[BlackElo "2140"]
[WhiteFideId "3801934"]
[BlackFideId "2617188"]
[EventDate "2021.12.13"]

1. d4 Nf6 2. c4 g6 3. f3 Nc6 4. Nc3 Bg7 5. d5 Ne5 6. e4 d6 7. Be3 c6 8. Be2 O-O
9. g4 Qa5 10. h3 cxd5 11. cxd5 e6 12. Bd2 exd5 13. Nxd5 Qd8 14. Bg5 Be6 15. f4
Nc6 16. Nc3 Qb6 17. Qd2 Na5 18. Na4 Qc7 19. Rc1 Nc6 20. Nc3 Rfe8 21. Nf3 Qb6 22.
Bh4 Bd7 23. Bxf6 Bxf6 24. Nd5 Qd8 25. Bd3 Nd4 26. O-O Bc6 27. Kg2 Bxd5 28. exd5
Qb6 29. Rc4 Nxf3 30. Rxf3 Rac8 31. b3 Rxc4 32. Bxc4 Bh4 33. Bf1 Qc5 34. b4 Qb6
35. a3 Re4 36. f5 Qd8 37. fxg6 hxg6 38. Bd3 Re5 39. Bxg6 fxg6 40. Qh6 Qe7 41.
Qxg6+ Qg7 42. Qc2 Re8 43. Rc3 Qh7 44. Qxh7+ Kxh7 45. Kf3 Kg6 46. a4 Kf6 47. Rc4
Re7 48. Rc8 Ke5 49. Rh8 Rf7+ 50. Ke2 Bg3 51. g5 Kd4 52. Rc8 Rf2+ 53. Kd1 Kd3 0-1

[Event "8th Sunway Sitges 2021"]
[Site "Sitges ESP"]
[Date "2021.12.21"]
[Round "8.35"]
[White "Dhananjay, S"]
[Black "Hess, Max"]
[Result "1/2-1/2"]
[BlackTitle "FM"]
[WhiteElo "2174"]
[BlackElo "2404"]
[WhiteFideId "5092892"]
[BlackFideId "24656666"]
[EventDate "2021.12.13"]

1. d4 d5 2. c4 e6 3. Nf3 a6 4. cxd5 exd5 5. Nc3 Nf6 6. Bf4 Bd6 7. Bg3 O-O 8. Qb3
Nc6 9. e3 Bxg3 10. hxg3 Ne7 11. Bd3 Qd6 12. Rc1 g6 13. Ne5 c5 14. Qa3 b6 15. Be2
Rd8 16. g4 Be6 17. g5 Ne4 18. Nc4 Qb8 19. Nxe4 dxe4 20. dxc5 bxc5 21. Qxc5 Nc8
22. O-O Rd5 23. Qa3 Rxg5 24. Rfd1 Nb6 25. Nd6 Qf8 26. Rc6 Rb8 27. Nxe4 Qxa3 28.
bxa3 Ra5 29. Rb1 Nd7 30. Rxb8+ Nxb8 31. Rb6 Nd7 32. Rxa6 Re5 33. Bf3 Bxa2 34.
Ra7 Nc5 35. Ra5 Rxe4 36. Rxc5 Ra4 37. Rc3 Ra5 38. Bc6 Bd5 39. Bxd5 Rxd5 40. Rc1
Kf8 41. a4 Ke7 42. Rc7+ Ke6 43. Ra7 Rd1+ 44. Kh2 h5 45. Kg3 Rd2 46. a5 Ra2 47.
a6 Kf6 48. Ra8 Kg7 49. a7 Ra3 50. f3 Ra1 51. Kh4 Kf6 52. e4 Rh1+ 53. Kg3 Ra1 54.
e5+ Kg7 55. Kh4 Ra4+ 56. Kg5 Ra5 57. f4 Ra2 58. g3 Ra4 59. Kh4 Kh7 60. Kh3 1/2-1/2

[Event "8th Sunway Sitges 2021"]
[Site "Sitges ESP"]
[Date "2021.12.21"]
[Round "8.36"]
[White "Chitlange, Sakshi"]
[Black "Ali, Muhammad Lutfi"]
[Result "1-0"]
[WhiteTitle "WIM"]
[BlackTitle "IM"]
[WhiteElo "2132"]
[BlackElo "2399"]
[WhiteFideId "35002899"]
[BlackFideId "7103743"]
[EventDate "2021.12.13"]

1. d4 g6 2. e4 c6 3. Nf3 d5 4. e5 Nh6 5. Bd3 Bg7 6. O-O O-O 7. h3 f6 8. exf6
Rxf6 9. Bg5 Rf7 10. Re1 Nf5 11. c3 Qd6 12. Ne5 Rf8 13. Na3 e6 14. Qd2 Nd7 15. g4
Bxe5 16. gxf5 Bg7 17. Rxe6 Qc7 18. Re7 Rf7 19. Rae1 Rxe7 20. Rxe7 Qd6 21. Re6
Qf8 22. fxg6 Nf6 23. gxh7+ Nxh7 24. Be7 Qf7 25. Re3 Be6 26. Qe2 Bd7 27. Rf3 Qe8
28. Rg3 Qf7 29. Bg6 Qe6 30. Qh5 Nf8 31. Bxf8 Kxf8 32. Rf3+ Ke7 33. Re3 Rh8 34.
Qf3 Bf6 35. Rxe6+ Bxe6 36. Qf4 Bxh3 37. Bf5 Rg8+ 38. Kh2 Bf1 39. Qd2 Ba6 40.
Qe3+ Kf8 41. Bd3 1-0

[Event "8th Sunway Sitges 2021"]
[Site "Sitges ESP"]
[Date "2021.12.21"]
[Round "8.37"]
[White "Arjun, Kalyan"]
[Black "Tarigan, Gilbert Elroy"]
[Result "0-1"]
[WhiteTitle "GM"]
[BlackTitle "IM"]
[WhiteElo "2537"]
[BlackElo "2149"]
[WhiteFideId "35018701"]
[BlackFideId "7108133"]
[EventDate "2021.12.13"]

1. e4 e5 2. Nf3 Nc6 3. Bc4 Nf6 4. d3 h6 5. O-O d6 6. d4 Bg4 7. c3 Be7 8. Be2 O-O
9. d5 Nb8 10. Nfd2 Bd7 11. c4 a5 12. Nc3 Na6 13. Qc2 c6 14. a3 Qb8 15. Qb1 cxd5
16. cxd5 b5 17. b4 Rc8 18. Qb3 Qb6 19. Ndb1 Bd8 20. Be3 Qb8 21. Nd2 Bb6 22. Nd1
Bxe3 23. Nxe3 Qb6 24. Nc2 Rc7 25. Rfc1 Rac8 26. Qb2 Rc3 27. h3 Qc7 28. Bd1 a4
29. Kh2 g5 30. Kg1 h5 31. Kf1 g4 32. hxg4 hxg4 33. g3 Nh7 34. Rcb1 Rxc2 35. Bxc2
Qxc2 36. Qxc2 Rxc2 37. Ke2 Ng5 38. Rc1 Rc7 39. Rxc7 Nxc7 40. Rc1 Ne8 41. Rh1 Kg7
42. Rh5 Kg6 43. Rh1 f5 44. exf5+ Kxf5 45. Nb1 Kg6 46. Nc3 Nh7 47. f3 gxf3+ 48.
Kxf3 Nhf6 49. Ke3 Nc7 50. Rd1 Be8 51. Ne4 Ncxd5+ 0-1

[Event "8th Sunway Sitges 2021"]
[Site "Sitges ESP"]
[Date "2021.12.21"]
[Round "8.38"]
[White "Ollenberger, Roland"]
[Black "Cornette, Matthieu"]
[Result "0-1"]
[WhiteTitle "FM"]
[BlackTitle "GM"]
[WhiteElo "2255"]
[BlackElo "2583"]
[WhiteFideId "24608440"]
[BlackFideId "620084"]
[EventDate "2021.12.13"]

1. e4 c6 2. Nc3 d5 3. Nf3 Bg4 4. h3 Bxf3 5. Qxf3 e6 6. d3 Nd7 7. Bd2 Qb6 8. Be2
Bd6 9. exd5 cxd5 10. d4 Qxd4 11. Nb5 Qb6 12. Nxd6+ Qxd6 13. Qg4 Ngf6 14. Qxg7
Rg8 15. Qh6 Rxg2 16. O-O-O e5 17. Rhg1 Rg6 18. Rxg6 fxg6 19. f4 O-O-O 20. fxe5
Nxe5 21. Bf4 Re8 22. Bb5 Re6 23. Kb1 a6 24. Bf1 Qe7 25. Qg5 Nf7 26. Qg1 Qb4 27.
Bc1 Kb8 28. a3 Qa4 29. b3 Qc6 30. Bb2 Nd6 31. Qd4 Nf5 32. Qf4+ Ka8 33. Bd3 Ne4
34. Ka1 d4 35. Bc4 Re8 36. Rc1 Nc3 37. Qg5 Ne3 38. Qh4 Nxc4 39. bxc4 Qxc4 40.
Bxc3 Qxc3+ 41. Ka2 d3 0-1

[Event "8th Sunway Sitges 2021"]
[Site "Sitges ESP"]
[Date "2021.12.21"]
[Round "8.39"]
[White "Bharath, Subramaniyam H"]
[Black "Citra, Dewi Ardhiani Anastasia"]
[Result "1-0"]
[WhiteTitle "IM"]
[BlackTitle "WIM"]
[WhiteElo "2479"]
[BlackElo "2238"]
[WhiteFideId "46634827"]
[BlackFideId "7101244"]
[EventDate "2021.12.13"]

1. b3 d5 2. Bb2 Bf5 3. d3 e6 4. Nd2 Nf6 5. g3 c6 6. Bg2 h6 7. e4 Bh7 8. Qe2 Na6
9. a3 Be7 10. Ngf3 Nc5 11. Ne5 Qc7 12. O-O Rd8 13. Rad1 Ncd7 14. Nxd7 Rxd7 15.
e5 Ng8 16. f4 Bc5+ 17. d4 Bb6 18. c4 c5 19. b4 dxc4 20. dxc5 c3 21. Bxc3 Bxc5+
22. bxc5 Qxc5+ 23. Qf2 Qxc3 24. Rc1 Qd4 25. Rc8+ Ke7 26. Qxd4 Rxd4 27. Nb3 Rd8
28. Rfc1 Ke8 29. R1c7 Ne7 30. Rxd8+ Kxd8 31. Rxb7 Bg6 32. Rxa7 Nc8 33. Rb7 Re8
34. Nd4 Ne7 35. a4 Kc8 36. Nb5 Kd8 37. Nd6 Rg8 38. Bf1 Nc8 39. Bb5 1-0

[Event "8th Sunway Sitges 2021"]
[Site "Sitges ESP"]
[Date "2021.12.21"]
[Round "8.40"]
[White "Utsab, Chatterjee"]
[Black "Garriga Cazorla, Pere"]
[Result "1-0"]
[BlackTitle "IM"]
[WhiteElo "2255"]
[BlackElo "2477"]
[WhiteFideId "46609148"]
[BlackFideId "32011601"]
[EventDate "2021.12.13"]

1. e4 c5 2. Nf3 Nc6 3. d4 cxd4 4. Nxd4 Qb6 5. Nb3 Nf6 6. Nc3 e6 7. a3 a6 8. Be2
d6 9. O-O Be7 10. Qd3 Ne5 11. Qg3 h5 12. Be3 Qc7 13. Bd4 Neg4 14. f4 h4 15. Qf3
e5 16. fxe5 Nxe5 17. Qf2 h3 18. g3 Be6 19. Rad1 b5 20. Nd5 Bxd5 21. exd5 Qxc2
22. Bxb5+ 1-0

[Event "8th Sunway Sitges 2021"]
[Site "Sitges ESP"]
[Date "2021.12.21"]
[Round "8.41"]
[White "Samoun, Florent"]
[Black "Stefanova, Antoaneta"]
[Result "1/2-1/2"]
[WhiteTitle "FM"]
[BlackTitle "GM"]
[WhiteElo "2247"]
[BlackElo "2469"]
[WhiteFideId "664995"]
[BlackFideId "2902257"]
[EventDate "2021.12.13"]

1. e4 e5 2. Nc3 Nc6 3. Bc4 Nf6 4. d3 Na5 5. f4 Nxc4 6. dxc4 Bb4 7. Qf3 Bxc3+ 8.
Qxc3 O-O 9. fxe5 Nxe4 10. Qd4 Qh4+ 11. g3 Qg4 12. Ne2 d6 13. Bf4 dxe5 14. Qxe5
Nd6 15. h3 Qf3 16. O-O-O Re8 17. Qc3 Qc6 18. Nd4 Qxc4 19. Qxc4 Nxc4 20. Nb5 Rf8
21. Nxc7 Rb8 22. Rd4 Nb6 23. Nd5 Ra8 24. Ne7+ Kh8 25. Nxc8 Raxc8 26. Re1 Rfe8
27. Rxe8+ Rxe8 28. c4 Rc8 29. b3 h6 30. Kd2 g5 31. Be3 Kh7 32. Rd6 Rc7 33. Bxb6
axb6 34. Rxb6 h5 35. Kd3 Kg7 36. a4 Re7 37. c5 f5 38. c6 bxc6 39. Rxc6 f4 40.
gxf4 gxf4 41. b4 Re3+ 42. Kd4 Rxh3 43. a5 Ra3 44. Rc3 Ra4 45. Kc5 Kg6 46. Kb5
Ra1 47. Ka6 Kg5 48. b5 Kg4 49. b6 f3 50. Rc4+ Kh3 51. b7 Rb1 52. Ka7 f2 53. Rf4
Kg2 54. Rf6 h4 55. Rb6 Rxb6 56. axb6 f1=Q 57. b8=Q Kh3 58. Qc8+ Kg3 59. Qc3+ Kg4
60. Qd4+ Kg3 61. b7 Qf7 62. Qg1+ Kh3 63. Qe3+ Kg2 64. Qd2+ Kg3 65. Ka8 Qf3 66.
Qe1+ Kh3 67. Qe6+ Kg2 68. Qa2+ Kg3 69. Ka7 Qe3+ 70. Ka8 Qf3 71. Qg8+ Kh2 72. Qg5
h3 73. Ka7 Qa3+ 74. Kb6 Qb3+ 75. Ka7 Qa3+ 76. Kb6 Qb3+ 77. Ka7 1/2-1/2

[Event "8th Sunway Sitges 2021"]
[Site "Sitges ESP"]
[Date "2021.12.21"]
[Round "8.42"]
[White "Crevatin, Leo"]
[Black "Ayats Llobera, Gerard"]
[Result "1/2-1/2"]
[WhiteTitle "CM"]
[BlackTitle "IM"]
[WhiteElo "2238"]
[BlackElo "2448"]
[WhiteFideId "1726307"]
[BlackFideId "32067607"]
[EventDate "2021.12.13"]

1. d4 Nf6 2. c4 g6 3. Nc3 Bg7 4. e4 d6 5. Nge2 O-O 6. Ng3 c5 7. d5 h5 8. Be2 b5
9. cxb5 a6 10. Bg5 Nh7 11. Bd2 axb5 12. Bxb5 Qb6 13. Nge2 Na6 14. O-O Nc7 15.
Bc6 Bb7 16. Bxb7 Qxb7 17. Rb1 Nb5 18. Nxb5 Qxb5 19. Bc3 Nf6 20. e5 dxe5 21. Bxe5
Rfd8 22. Nc3 Qb7 23. Qf3 Nxd5 24. Bxg7 Kxg7 25. Rfd1 e6 26. Rd2 Rd7 27. Rbd1
Rad8 28. h3 Qb4 29. Nxd5 Rxd5 30. Rxd5 exd5 31. Rxd5 Rxd5 32. Qxd5 Qxb2 33. Qxc5 1/2-1/2

[Event "8th Sunway Sitges 2021"]
[Site "Sitges ESP"]
[Date "2021.12.21"]
[Round "8.43"]
[White "Benmesbah, Natacha"]
[Black "Boyer, Mahel"]
[Result "0-1"]
[WhiteTitle "WIM"]
[BlackTitle "IM"]
[WhiteElo "2221"]
[BlackElo "2427"]
[WhiteFideId "642002"]
[BlackFideId "45102422"]
[EventDate "2021.12.13"]

1. e4 e6 2. d3 d5 3. Qe2 Nc6 4. Nf3 e5 5. exd5 Qxd5 6. Nc3 Qa5 7. Bd2 Bg4 8.
O-O-O O-O-O 9. Re1 f6 10. Qe4 Be6 11. a3 Nge7 12. Na4 Qd5 13. Nc3 Qd7 14. Be3
Nf5 15. Nd2 Nfd4 16. Bxd4 Nxd4 17. f4 Bf5 18. Qe3 Bc5 19. Qg3 exf4 20. Qxf4 Rhe8
21. Nde4 Bb6 22. h3 h5 23. Be2 Qf7 24. Bxh5 Qxh5 25. g4 Qh4 0-1